| 000 | 01344nam a22002777a 4500 | ||
|---|---|---|---|
| 999 |
_c29080 _d29051 |
||
| 003 | EG-ScBUE | ||
| 005 | 20210321102204.0 | ||
| 008 | 210321k19932020ua o f 000 0bara d | ||
| 040 |
_aEG-ScBUE _bara _erda _cEG-ScBUE _dEG-ScBUE |
||
| 043 | _af-ua--- | ||
| 082 | 0 | 4 |
_a338.0962 _bم ر ك _222 |
| 110 | 2 |
_aمركز الأهرام للتنظيم وتكنولوجيا المعلومات، _eمؤلف. |
|
| 245 | 1 | 0 |
_aمحمد فريد خميس : _bملف وثائقي / _cمركز الأهرام للتنظيم وتكنولوجيا المعلومات. |
| 264 | 1 |
_aالقاهرة : _bمركز الأهرام للتنظيم وتكنولوجيا المعلومات، _c[1993-2020] |
|
| 300 |
_a3 مجلدات : _bصور ؛ _c35 سم |
||
| 336 |
_2rdacontent _aنص _btxt |
||
| 337 |
_2rdamedia _aبدون وسيط _bn |
||
| 338 |
_2rdacarrier _aمجلد _bnc |
||
| 505 | 0 | _aالمحتويات : المجلد الأول. فبراية 1993-مايو 2008 -- المجلد الثاني. يونيو 2008-يونيو 2014 -- المجلد الثالث. يوليو 2014-أكتوبر 2020. | |
| 600 | 1 | 7 |
_aخميس، محمد فريد، _d1940-2020. _2BUEsh |
| 650 | 7 |
_aرجال الأعمال _vتراجم _zمصر. _2BUEsh |
|
| 650 | 7 |
_aالاقتصاد _vتراجم _zمصر. _2BUEsh |
|
| 653 |
_bGGEN _cMarch2021 |
||
| 655 |
_vReading book _934232 |
||
| 942 | _2ddc | ||